000 01415nam a2200325 i 4500
001 768714001
003 CO-MdFUSB
005 20230504105224.0
007 ta
008 010606t2001 miua b 001 | eng
020 _a0801022975
040 _aDLC
_cCO-MdFUSB
_dCO-MdFUSB
_bspa
_erda
041 _aeng
082 _223
_a246
_bD998v
100 1 _aDyrness, William A.
_eautor
245 1 0 _aVisual faith :
_bart, theology, and worship in dialogue
_c / William A. Dyrness.
260 _bBaker Academic,
264 1 _aGrand Rapids, Mich. :
_bBaker Academic,
_c[2001]
264 4 _c© 2001
300 _a188 páginas ;
_c23 cm.
336 _2rdacontent
_atexto
_btxt
337 _2rdamedia
_asin mediación
_bn
338 _2rdacarrier
_avolumen
_bnc
505 _aIntroducción: la incómoda relación entre el arte y la fe -- Desarrollo de las artes visuales desde la iglesia primitiva hasta la edad media -- Desarrollo de las artes visuales desde la reforma hasta el siglo XXI -- El arte y el drama bíblico -- Reflexionando teológicamente sobre las artes visuales -- Desafíos contemporáneos para los cristianos y las artes -- Una nueva oportunidad para la participación cristiana en las artes -- Hacer y mirar arte -- Conclusión: soñar sueños y ver visiones
563 _aRustico
650 7 _aArte y religión
_2embne
_96946
942 _cBK
945 _aMag 1104
999 _c68838
_d68838